000 00326 a2200157 4500
001 150814
040 _cEscola São Tomás de Aquino
100 _aBARBIERI, Stela
240 1 0 _aA ponte
_lpor
245 1 0 _aA ponte
300 _a43
362 0 _a2008
440 1 _aEscala Educacional
697 _aRELIGIÃO
942 _cBK
999 _c150814
_d150814